Oxford Learner's Grammar : Builder (Practice)
This work offers a fresh approach to grammar through a set of interlinked grammar resources - reference book, practice book, interactive CD-ROM.
Spremljeno u:
| Format: | Knjiga |
|---|---|
| Jezik: | Undetermined |
| Izdano: |
Oxford
Oxford University Press
2005
|
| Teme: | |
| Oznake: |
Dodaj oznaku
Bez oznaka, Budi prvi tko označuje ovaj zapis!
|
| Thư viện lưu trữ: | Trung tâm Học liệu Trường Đại học Cần Thơ |
|---|
| LEADER | 00679nam a2200205Ia 4500 | ||
|---|---|---|---|
| 001 | CTU_100924 | ||
| 008 | 210402s9999 xx 000 0 und d | ||
| 020 | |c 105000 | ||
| 082 | |a 428.24 | ||
| 082 | |b O.98 | ||
| 245 | 0 | |a Oxford Learner's Grammar : | |
| 245 | 0 | |b Builder (Practice) | |
| 260 | |a Oxford | ||
| 260 | |b Oxford University Press | ||
| 260 | |c 2005 | ||
| 520 | |a This work offers a fresh approach to grammar through a set of interlinked grammar resources - reference book, practice book, interactive CD-ROM. | ||
| 650 | |a English language,English language | ||
| 650 | |x Grammar | ||
| 904 | |i Trọng Hải | ||
| 980 | |a Trung tâm Học liệu Trường Đại học Cần Thơ | ||